000 00434nam a22001817a 4500
003 MPLRDC
005 20220104123842.0
008 210129b ||||| |||| 00| 0 eng d
082 _a490.8 MYZQ v.7
100 _a黑川康正著
245 _a整理术
_c
250 _a十印
260 _a
_b名远文化事业有限公司
_c1991
300 _b
490 _a名远赚钱系列;7
650 _a
942 _cBK
_o490.8 MYZQ v.7
999 _c14702
_d14692